Statistics for My Lego sets

Click here to take the quiz!

General Stats

  • This quiz has been taken 8 times
  • The average score is 2 of 7

Answer Stats

HintAnswer% Correct
This is a mech that a certain hero made to fight another
Certain hero
Hulk buster
71%
This is a ship from Star Wars that Luke steals and takes to the death
Star
Imperial shuttle
57%
It is a Lego ideas set that has things that no longer existDinosaur fossils
43%
This came in a little mystery packet and has barely any piecesBird
14%
This is a set that is free in the New York Lego store if you
Make a purchase over $90
Carnival
14%
This is a brickheadz set with two people from an old cartoon that
Just got a reboot
Chip n dale
14%
This is a ripoff legos of two people from a past warCivil war soldiers
14%

Score Distribution

Percentile by Number Answered

Percent of People with Each Score

Your Score History

You have not taken this quiz